00610nam a2200205 a 450000100060000000300080000600500170001400800390003103500350007003500120010504000240011704100080014108200180014910000190016724500520018626000500023830000330028865100410032165100420036235932BD-RjUL20211209052414.0140611s1963 ii 000 0 eng a(BD-RjUL)36028a(OCoLC)1077620 a6571825 aDLCcMMeTdDLCbeng aeng a954bWEP 19631 aWeiner, Myron.10aPolitical change in South Asia /cMyron Weiner. aCalcutta :bFirma K. L. Mukhopadhyay,cc1963. aviii, 285p. :bill. ;c23cm. 0aSouth AsiaxPolitics and government. 0aIndiaxPolitics and governmenty1947-